00303nam a22000977a 4500008004100000040005500041245004000096260004500136942000700181999001700188230328b |||||||| |||| 00| 0 eng d aNational Science LibrarycNational Science Library aNagpur Agriculture College Magazine aNagpur: bCollege of Agriculture, c1962 cCR c15698d15698